banner-ar

اخبار الحمقى والمغفلين: منالفقهاء والمفسيرين الرواة والمحدثين والشعراء والمتأدبين والكتاب والمعلمين والتجار والمتسببين وطوائف تتصل للغفلة بسبب متين / (Record no. 56117)

MARC details
000 -الفاتح
حقل البيانات ثابتة الطول 00855nam a2200193Ia 4500
008 - عناصر البيانات ثابتة الطول - معلومات عامة
حقل البيانات ثابتة الطول 140319s9999 xx 000 0 ara d
040 ## - مصدر الفهرسة
وكالة الفهرسة الأصلية GCL /
وكالة النسخ GCL
082 04 - رقم تصنيف ديوى العشرى
رقم التصنيف 810.9027
رقم المادة ج ا
100 1# - المدخل الرئيسى - إسم شخصى
الإسم الشخصى جمال الدين ابى الفرج عبدالرحم
245 10 - بيان العنوان
العنوان اخبار الحمقى والمغفلين: منالفقهاء والمفسيرين الرواة والمحدثين والشعراء والمتأدبين والكتاب والمعلمين والتجار والمتسببين وطوائف تتصل للغفلة بسبب متين /
بيان المسئوليه,etc جمال الدين ابى الفرج عبدالرحم
260 ## - PUBLICATION, DISTRIBUTION, ETC. (IMPRINT)
تاريخ النشر أو التوزيع 1985
300 ## - الوصف المادى
التعداد 192 ص
490 ## - بيان السلسلة
عنوان السلسلة
650 04 - المدخل الاضافى بالموضوع-مصطلح موضوعى
مصطلح موضوعي التراث
650 04 - المدخل الاضافى بالموضوع-مصطلح موضوعى
مصطلح موضوعي الادب
650 04 - المدخل الاضافى بالموضوع-مصطلح موضوعى
مصطلح موضوعي الانباء
942 ## - عناصر المدخل الإضافي( كوها)
مصدر التصنيف او مخطط الترفيف Dewey Decimal Classification
Koha [default] item type كتاب
260 ## - PUBLICATION, DISTRIBUTION, ETC. (IMPRINT)
-- [S.N] :
-- دار الكتب العلمية للنشر والتوزيع ،
Holdings
حالة التراجع حالة الفقد حالة تلف ليس للاعارة المكان المؤقت الموقع الحالى تاريخ الاكتساب اجمالي اﻻعارات رقم الطلب الباركود تاريخ اخر مشاهدة تاريخ تفعيل السعر نوع وعاء كوها
        مكتبة القاهرة الكبرى مكتبة القاهرة الكبرى 03/26/2014   810.9027\ج ا 134604 03/26/2014 03/26/2014 كتاب

Powered By

EGPV